| 000 | 01340nam a2200397 c 4500 | ||
|---|---|---|---|
| 999 |
_c130776 _d130776 |
||
| 003 | BLK | ||
| 005 | 20241104125347.0 | ||
| 008 | 180409b bul|||||r ||||||| ||bul|| | ||
| 010 | _aKNG00136566000 | ||
| 020 | _a978-954-09-0661-4 | ||
| 040 | _aBLK | ||
| 041 |
_aBUL _cBUL |
||
| 072 | 7 |
_2bullib _aН84 _xБългарска художествена литература Н |
|
| 072 | 7 |
_2bullib _aК _xКраезнание |
|
| 080 |
_aБългарска литература _b821.163.2 _x-4 _z821.163.2-4 |
||
| 100 | 1 |
_aЦанев, Стефан Неделчев _d1936- _gПисател, поет, драматург. _9364639 |
|
| 139 |
_aЦанев, Стефан Неделчев _bЦ 16 |
||
| 245 | 1 | 0 |
_aДа убиеш вярата _bЕсета _cСтефан Неделчев Цанев. |
| 250 | _a2 доп. изд. | ||
| 257 | _aBGR | ||
| 260 |
_bЗахарий Стоянов _c2012 _fСофия : Мултипринт |
||
| 300 |
_a207 с. _c20 см |
||
| 380 | _aX | ||
| 500 | _a1. изд. 2007. | ||
| 653 | _aесета | ||
| 659 | _aК | ||
| 659 | _aН | ||
| 852 | _aЦб 257183 | ||
| 852 | _aК 821.163.2/Ц 16 С | ||
| 856 | 4 | _qpdf | |
| 856 | 4 | _qpdf | |
| 942 |
_cKNG _n0 _09 _s1 |
||
| 944 |
_aCR _c18.10.2012 _lВиолета Тройчева _k30552 |
||
| 944 |
_aED _c27.09.2013 _lф / |
||
| 999 | _d130776 | ||